Statistics for A quiz on the prophet Muhammad

Click here to take the quiz!

General Stats

  • This quiz has been taken 81 times
  • The average score is 8 of 13

Answer Stats

QuestionAnswer% Correct
At what age was Muhammad when his mother pass away at6
97%
How many daughters did he have4
90%
How many sons did he have3
84%
Where was he bornMecca
84%
At what age did he receive the first revelation of the Quran40
80%
Which angel gave him the revelation of the QuranGabriel
80%
At what age did he pass away63
77%
What was his mother’s nameAmina
54%
What city did he travel to when he completed the night journeyJerusalem
54%
Who was his first wifeKhadijah
44%
in what Georgian year was Muhammad born570
39%
What was his fathers nameAbdallah
30%
Where did the prophet migrate toMadeena
3%

Score Distribution

Percentile by Number Answered

Percent of People with Each Score

Your Score History

You have not taken this quiz